00270nam a2200097Ia 4500008004100000082001400041100002400055245003500079260000900114264004900123231129s1975||||xx |||||||||||||| ||spa|| aHAJ- 0490 aValcárcel Daniel 0aLa rebelión de Tupac Amarú c1975 aMéxico: Fondo de Cultura Económica 1975